| 000 | 01033nam a22002651i 4500 | ||
|---|---|---|---|
| 003 | SA-RiAUC | ||
| 005 | 20251120134252.0 | ||
| 008 | 251016s1964 su g 00000 ara c | ||
| 040 |
_aSA-JeALM _bara _cSA-RiAUC _erda |
||
| 041 | 1 |
_aara _aeng |
|
| 082 | 0 | 4 | _a210 |
| 090 |
_a210 _bك ت ب |
||
| 100 | 1 |
_aكتبي، حسن محمد، _d1329-1433 هجري _eمؤلف. |
|
| 245 | 1 | 2 |
_aالإسلام أصلح تشريع في كل زمان ومكان / _cحسن محمد كتبي. |
| 264 | 1 |
_a[مكان النشر غير محدد] : _b[الناشر غير محدد]، _c1982 |
|
| 264 | 3 |
_aجدة، السعودية : _bمطابع الأصفهاني |
|
| 300 |
_a38،28 صفحة ؛ _c17 سم |
||
| 336 |
_aنص _btxt _2rdacontent _3كتاب |
||
| 337 |
_aبدون وسيط _bn _2rdamedia |
||
| 338 |
_aمجلد _bnc _2rdacarrier |
||
| 546 | _aالنص باللغتين العربية والإنجليزية. | ||
| 650 | 7 |
_aالإسلام _vمتفرقات _2aucsh |
|
| 942 |
_2ddc _cBOOK _n0 |
||
| 949 |
_aSA-JeALM _d251016 _umohamedma123 _n1 |
||
| 999 |
_c13387 _d13387 |
||